000 00240nam a2200097Ia 4500
001 720665
005 20250826163237.0
008 250824s9999 xx 000 0 und d
245 0 _aALİYA OKUMALARI
_cERDAL BAYKAN
260 _bÇİZGİ YAYINLARI
999 _c720665
_d720665